| Tag |
First Indicator |
Second Indicator |
Subfields |
| LEADER |
00000cam a22000004a 4500 |
| 001 |
in00001548813 |
| 005 |
20151022065008.0 |
| 008 |
000228s2000 nyua 001 0deng |
| 010 |
|
|
|a 00027720
|
| 020 |
|
|
|a 0743200799
|
| 035 |
|
|
|a (OCoLC)ocm43590801
|
| 040 |
|
|
|a DLC
|c DLC
|d TXA
|d UtOrBLW
|
| 042 |
|
|
|a pcc
|
| 043 |
|
|
|a n-us---
|
| 049 |
|
|
|a TXAM
|
| 050 |
0 |
0 |
|a TL873
|b .K73 2000
|
| 082 |
0 |
0 |
|a 629.45/3/0973
|2 21
|
| 100 |
1 |
|
|a Kranz, Gene.
|
| 245 |
1 |
0 |
|a Failure is not an option :
|b mission control from Mercury to Apollo 13 and beyond /
|c Gene Kranz.
|
| 264 |
|
1 |
|a New York :
|b Simon & Schuster,
|c [2000]
|
| 264 |
|
4 |
|c ©2000
|
| 300 |
|
|
|a 415 pages :
|b illustrations ;
|c 25 cm.
|
| 336 |
|
|
|a text
|b txt
|2 rdacontent
|
| 337 |
|
|
|a unmediated
|b n
|2 rdamedia
|
| 338 |
|
|
|a volume
|b nc
|2 rdacarrier
|
| 500 |
|
|
|a Includes index.
|
| 650 |
|
0 |
|a Manned space flight
|x Systems engineering
|z United States
|x History.
|
| 650 |
|
0 |
|a Ground support systems (Astronautics)
|x History.
|
| 610 |
1 |
0 |
|a United States.
|b National Aeronautics and Space Administration.
|
| 600 |
1 |
0 |
|a Kranz, Gene
|x Career in aerospace engineering.
|
| 948 |
|
|
|a cataloged
|b h
|c 2000/8/21
|d c
|e dmitchel
|f 11:08:06 am
|
| 994 |
|
|
|a E0
|b TXA
|
| 999 |
|
|
|a MARS
|
| 999 |
f |
f |
|s c852b7a0-3abd-31c8-bb3d-54a93cfbd455
|i f62eeb8a-8279-38a1-b094-143ff0065fd2
|t 0
|
| 952 |
f |
f |
|p normal
|a Texas A&M University
|b College Station
|c Sterling C. Evans Library
|d Evans: Library Stacks
|t 0
|e TL873 .K73 2000
|h Library of Congress classification
|i unmediated -- volume
|m A14826692377
|
| 998 |
f |
f |
|a TL873 .K73 2000
|t 0
|l Evans: Library Stacks
|